000 01042nam a2200229 a 4500
005 20160601130007.0
008 150529s2014 ck o gr 00010 spa d
020 _a9789588747538
040 _aCO-BoBLA
_cCO-BoBLA
_dCO-BoIAVH
041 0 _aspa
044 _ack
082 0 4 _a363.7
_bC71c
245 0 3 _aLa Colosa :
_buna muerte anunciada : informe alternativo acerca del proyecto de minería de oro de AngloGold Ashanti en Cajamarca, Tolima, Colombia.
260 _aIbagué :
_bBM Colombia Solidarity Campaign :
_bSello Editorial Universidad del Tolima,
_c2014.
300 _a174 páginas :
_bfotografías a color ;
_c24 x 17 cm.
610 2 4 _aLa Colosa (Mina de Oro)
_zCajamarca (Tolima, Colombia)
610 2 4 _aAngloGold Ashanti (Colombia)
_xProyectos mineros.
610 2 4 _aLa Colosa (Mina de Oro)
_xAspectos ambientales.
650 2 4 _aMinas de oro
_zCajamarca (Tolima, Colombia)
650 2 4 _aTrabajadores mineros
_xAspectos socioeconómicos
_zCajamarca (Tolima, Colombia)
942 _2ddc
_cLIBRO
999 _c18764
_d18764